000 00394cam a2200157ua 4500
041 _aeng
_h
082 _a823.308
_bFED/NO
100 _aFedin, Konstantin .
245 _aNo ordinary summer-ll /
_cKonstantin fedin.
_hTextual Documents
260 _aMoscow :
_bProgress Publishers ,
_c1950.
300 _a536 ; .
504 _a
942 _cBK
999 _c5034
_d5034